Los tres mundos : la conquista de los Galias por Julio César /
Kaydedildi:
| Yazar: | |
|---|---|
| Materyal Türü: | Kitap |
| Dil: | İspanyolca |
| Baskı/Yayın Bilgisi: |
México :
Ediciones B,
2025, c2025
|
| Konular: | |
| Etiketler: |
Etiket eklenmemiş, İlk siz ekleyin!
|
MARC
| LEADER | 00000nam^a2200000^a^4500 | ||
|---|---|---|---|
| 001 | 000626851 | ||
| 005 | 20260122000000.0 | ||
| 009 | 20260310134043.237 | ||
| 020 | |a 978-607-386-718-4 | ||
| 037 | |a Acervo ITESO - Biblioteca | ||
| 041 | |a ESP | ||
| 082 | |a 863. |b POS JUL V. 3 | ||
| 100 | |a Posteguillo, Santiago |e (autor) | ||
| 240 | 1 | 5 | |a [Julio César, de Santiago Posteguillo] |
| 245 | 1 | 4 | |a Los tres mundos : |b la conquista de los Galias por Julio César / |c S. Posteguillo. |
| 264 | 4 | |a México : |b Ediciones B, |c 2025, c2025 | |
| 300 | |a 1037 p. | ||
| 336 | |a texto |b txt |2 rdacontenido | ||
| 337 | |a sin mediación |b n |2 rdamedio | ||
| 338 | |a volumen |b nc |2 rdasoporte | ||
| 521 | |a FIL 2025 DIA | ||
| 649 | |a XX | ||
| 650 | |a Jefes de Estado Romanos en la Literatura | ||
| 650 | |a Políticos Romanos en la Literatura | ||
| 650 | |a Militares Romanos en la Literatura | ||
| 650 | |a Novela Histórica - |z España | ||
| 650 | |a Novela Española | ||
| 650 | |a Literatura Española - |y Siglo XXI | ||
| 650 | |a Roma - |x Historia - |y Consulado, Dictaduras y Triunviratos, 122-31 a.C. | ||
| 650 | |a Roma - |x Historia - |y Contienda Civil, 146-31 a.C. | ||
| 650 | |a Roma - |x Historia - |y Siglo I a.C. | ||
| 650 | |a Roma - |x Historia - |y República, 509-31 a.C. | ||
| 650 | |a Francia - |x Historia - |y Período Antiguo, 753 a.C.-987 d.C. | ||
| 650 | |a César, Cayo Julio - |x Tema Principal | ||
| 910 | |a Fondo General | ||
| 920 | |a Impresos - Libros | ||
| 930 | |a Colección General | ||
| 940 | |a Literatura | ||
| 905 | |a 101 | ||
| 901 | |a 626851-10 |b IT1 |c LIT |i C192258 |u 20260122 | ||
| 902 | |a https://opac.biblio.iteso.mx/vufind/Record/000626851 | ||